Emprendimiento y Empresarismo Diferencias, conceptos, cultura emprendedora, idea y proyecto de empresa /

Detalles Bibliográficos
Autor principal: Uribe Maca̕s, Mario Enrique
Formato: eBook
Lenguaje:español
Publicado: Bogot:̀ Ediciones de la U, 2013
Materias:
Acceso en línea:Acceso restringido

MARC

LEADER 00000nam a22000007a 4500
005 20181030115028.0
007 cr|||| ||||
008 181030s2013 co |||||s|||| 00||0 spa d
020 |a 9789587621211 
035 |a 22091 
040 |a vLex 
090 |c 8222  |d 8222 
100 1 |a Uribe Maca̕s, Mario Enrique 
245 1 0 |a Emprendimiento y Empresarismo  |h [Recurso electrn̤ico] :  |b Diferencias, conceptos, cultura emprendedora, idea y proyecto de empresa /  |c Mario Enrique Uribe Maca̕s 
256 |a Servicio en ln̕ea 
260 |a Bogot:̀  |b Ediciones de la U,  |c 2013 
300 |a 1 recurso electrn̤ico 
500 |a En el emprendimiento se conjugan diversas variables que van desde lo personal (actitud emprendedora) hasta lo estructural (ecosistema emprendedor). Se quiere hacer la diferencia entre el emprendimiento como tal y el emprendimiento empresarial, para no caer en el error de entender que el emprendimiento solo corresponde a quienes crean empresa, pues, hay diversas clases de emprendimiento que coinciden en una finalidad productiva y beneficiosa para la sociedad. En la primera parte, se presenta el emprendimiento con la intencionalidad de desligarlo del concepto de empresarismo, aunque su evolucin̤ indique que desde el principio ha tenido una connotacin̤ econm̤ica y empresarial. Diferencia, que es necesario tener en cuenta en muchos aspectos como el formativo, pues brinda una mayor posibilidad de aprovechamiento del emprendimiento de las personas y una orientacin̤ distinta a lo econm̤ico y empresarial, que en muchas ocasiones provoca distorsiones en su aplicacin̤ con consecuencias negativas para el colectivo. En la segunda parte aparece el concepto de emprendimiento empresarial o empresarismo, asociǹdolo a la cultura emprendedora y a las competencias emprendedoras y empresariales para facilitar un proceso de formacin̤ y aprendizaje. Dado que no se trata de acciones o situaciones aisladas, sino como partes integrales de un proceso, en la tercera parte se trata el ecosistema emprendedor, complementando los conceptos anteriores y como condicin̤ necesaria para poder orientar el emprendimiento hacia fines socialmente productivos. 
506 1 |a Disponible solo en los productos indicados  |d vLex Global  |d vLex Global (Academic Edition, excluding Law Schools)  |d vLex Global (U.S. Academic Edition, Law Schools)  |d vLex Global (U.S. Academic Edition, excluding Law Schools)  |d vLex Global (Academic Edition, Law Schools) 
650 0 4 |a Economa̕ y negocios  |z Colombia 
740 0 |a vLex Libros (Servicio en ln̕ea) 
856 4 0 |u http://vlex.com/source/emprendimiento-y-empresarismo-diferencias-conceptos-cultura-emprendedora-idea-y-proyecto-de-empresa-22091  |z Acceso restringido 
942 |c BOOK 
999 0 |a Economy and business